Pokémon - Les attaques de Dimoret - Statistiques

Statistiques générales
  • Ce quiz a été pris 28 fois
  • Le résultat moyen est 12 sur 19
Statistiques - réponses
Niveaux Types Noms des attaques % Correct
Départ Normal Griffe
100%
Départ Normal Tranche
95%
Niveau 60 Ténèbres Tranche-Nuit
95%
Niveau 30 Normal Combo-Griffe
89%
Niveau 18 Acier Griffe Acier
89%
Départ Glace Éclats Glace
84%
Niveau 66 Ténèbres Vibrobscur
79%
Départ Normal Groz'Yeux
68%
Niveau 24 Glace Vent Glace
63%
Départ Psy Hâte
53%
Niveau 36 Ténèbres Aiguisage
47%
Départ Ténèbres Assurance
47%
Départ Ténèbres Baston
47%
Départ Ténèbres Provoc
47%
Niveau 42 Ténèbres Dégommage
42%
Niveau 48 Ténèbres Machination
42%
Niveau 54 Normal Grincement
32%
Départ Normal Vive-Attaque
26%
Départ Combat Vendetta
11%
Aucun quiz correspondant
Distribution des résultats
% des personnes avec chaque résultat
Percentile par nombre de réponses
Votre historique - résultats
Vous n’avez pas pris ce quiz